000
00324nam a2200157Ia 4500
100
_a
Sanders/William B
650
_a
ASP.NET
942
_c
BK
366
_f
25
654
_a
mobile
245
_a
ASP.NET 3.5
260
_b
Tata McGraw Hil
_c
2009
082
_a
5.133
_b
SAN
300
_a
448
546
_a
ENGLISH
_c
PAMPHALETS
999
_c
18906
_d
18906